Šabľa, fleuret, kord

Bibliographic Details
Main Author: Mojžiš, Martin, 1960- (Author, Interviewer)
Format: Article
Language:Slovak
PhysicalDescription:Fotogr.
ISSN:1336-5932
Subjects:

MARC

LEADER 00000nab a2200000 a 4500
001 vtls009530591
003 SK-MaSNL
005 20260303140720.0
008 140515c2009 xo wr|p|||||||000 b|slo
015 |a SNBRB2009/06  |2 snkbucl 
040 |a SNKBUCL  |b slo  |c SNKBUCL  |e AACR2 
041 0 |a slo 
044 |a xo  |c SK 
080 |a 796.86.071  |2 2001 
080 |a 929 Baránik, Miroslav  |2 2001 
100 1 |a Mojžiš, Martin,  |d 1960-  |4 ivr  |4 aut  |9 222150 
245 1 0 |a Šabľa, fleuret, kord  |c Martin Mojžiš, Miroslav Baránik 
300 |b Fotogr. 
600 1 7 |a Baránik, Miroslav,  |d 1959-  |2 snkbucl  |9 1159409 
650 0 7 |a šerm  |2 snkbucl  |9 3252 
655 7 |a rozhovory  |2 snkbucl  |9 31831 
700 1 |a Baránik, Miroslav,  |d 1959-  |4 ive  |9 1159409 
773 0 |t Týždeň  |g Roč. VI, č. 23 (2009), s. 42-43  |x 1336-5932 
852 |a SNK  |b KIS3GCP 
958 |a SK 
958 |a BX 
999 |c 1972921  |d 1974851